000
00275nam a2200121Ia 4500
100
_a
KONDVILKAR MADHAV
942
_c
BK
366
_f
50
245
_a
MUKKAM POST DEVANCHE GOTHANE
260
_b
RAJYA MARATHI VIKAS SANSTHA
_a
Mumbai
_c
2001
300
_a
340
546
_a
MARATHI
999
_c
20027
_d
20027